[Event "2014 Australian Championships"]
[Site "Melbourne"]
[Date "2014.01.03"]
[Round "3.2"]
[White "Cheng, Bobby"]
[Black "Solomon, Stephen"]
[Result "1-0"]
[WhiteElo "2433"]
[BlackElo "2371"]
[PlyCount "135"]
[EventDate "2014.01.??"]
[EventType "swiss"]
[EventRounds "11"]
[EventCountry "AUS"]
[SourceDate "2014.01.02"]
[WhiteClock "0:24:29"]
[BlackClock "0:05:02"]

1. d4 d5 2. c4 e6 3. Nf3 c6 4. Nc3 dxc4 5. a4 Bb4 6. g3 b5 7. Bg2 Bb7 8. O-O a6
9. Ne4 Nf6 10. Nxf6+ gxf6 11. Qc2 Nd7 12. Rd1 Qe7 13. Nd2 O-O 14. b3 cxb3 15.
Qxb3 Nb6 16. Ne4 Nd5 17. Nc5 Bxc5 18. dxc5 Rfd8 19. Ba3 Rab8 20. Qf3 f5 21. e4
fxe4 22. Qg4+ Kf8 23. Qxe4 Qf6 24. Qc2 Qg6 25. Be4 f5 26. Bf3 b4 27. Bb2 a5 28.
Qe2 Rd7 29. Re1 Re8 30. Kh1 Nc3 31. Bxc3 bxc3 32. Bh5 Ba6 33. Qf3 Qf6 34. Bxe8
Kxe8 35. Rac1 Bc4 36. Kg1 Bd5 37. Qe3 h5 38. Rxc3 Rb7 39. Rd3 Rb4 40. Rxd5 cxd5
41. c6 Re4 42. c7 Kd7 43. Rc1 Rc4 44. Rxc4 dxc4 45. Qc5 Qh8 46. Qxc4 Qc8 47.
Kg2 f4 48. Qb5+ Kd6 49. Qb8 Qxc7 50. Qxc7+ Kxc7 51. Kh3 Kd6 52. Kh4 Ke5 53.
Kxh5 Ke4 54. g4 e5 55. g5 Kf3 56. g6 e4 57. g7 Kxf2 58. g8=Q e3 59. Qc4 f3 60.
Qc5 Ke2 61. Qc2+ Ke1 62. Qd3 Kf2 63. Kg4 Kg2 64. Qxe3 f2 65. Qe2 Kg1 66. h4
f1=Q 67. Qxf1+ Kxf1 68. h5 1-0

[Event "2014 Australian Championships"]
[Site "Melbourne"]
[Date "2014.01.03"]
[Round "3.3"]
[White "Dragicevic, Domagoj"]
[Black "Illingworth, Max"]
[Result "0-1"]
[WhiteElo "2199"]
[BlackElo "2434"]
[PlyCount "98"]
[EventDate "2014.01.??"]
[EventType "swiss"]
[EventRounds "11"]
[EventCountry "AUS"]
[SourceDate "2014.01.02"]
[WhiteClock "0:36:02"]
[BlackClock "1:15:56"]

1. e4 c5 2. Nf3 e6 3. d4 cxd4 4. Nxd4 a6 5. Bd3 Qb6 6. Nb3 Qc7 7. O-O d6 8. c4
b6 9. Nc3 Bb7 10. Be3 Nf6 11. a4 Nc6 12. f3 Be7 13. Qe2 O-O 14. Rfc1 Nb4 15. a5
bxa5 16. Nxa5 Rfb8 17. Nxb7 Qxb7 18. Na4 Nd7 19. Qd2 Nc5 20. Bc2 Nxc2 21. Nxc5
Qxb2 22. Na4 Qxa1 23. Rxa1 Nxa1 24. Nb6 Ra7 25. Nd5 Nb3 26. Nxe7+ Rxe7 27. Qxd6
Ree8 28. Qxa6 Rec8 29. Qa7 Ra8 30. Qb6 Na5 31. Qb5 Nxc4 32. Bc5 Ra5 33. Qxc4
Raxc5 34. Qd3 h6 35. Kf2 Rc2+ 36. Kg3 R8c5 37. h4 Rb2 38. Qd8+ Kh7 39. Qe7 Rcc2
40. Qxf7 Rxg2+ 41. Kf4 Rg6 42. Qd7 Rb3 43. h5 Rf6+ 44. Ke5 Rbxf3 45. Qd1 Rg3
46. Kd6 e5+ 47. Kd7 Rg5 48. Qe2 Rf4 49. Ke6 Rh4 0-1

[Event "2014 Australian Championships"]
[Site "Melbourne"]
[Date "2014.01.03"]
[Round "3.4"]
[White "Bjebork, Igor"]
[Black "Tu, Hoang Thong"]
[Result "1/2-1/2"]
[WhiteElo "2339"]
[BlackElo "2428"]
[PlyCount "55"]
[EventDate "2014.01.??"]
[EventType "swiss"]
[EventRounds "11"]
[EventCountry "AUS"]
[SourceDate "2014.01.02"]

1. Nf3 f5 2. g3 Nf6 3. Bg2 d6 4. d4 g6 5. O-O Bg7 6. Nbd2 O-O 7. Re1 Nc6 8. e4
fxe4 9. Nxe4 Nxe4 10. Rxe4 e5 11. dxe5 dxe5 12. Qxd8 Rxd8 13. c3 Be6 14. Re1
Bd5 15. Bg5 Rf8 16. Nd2 Bxg2 17. Kxg2 h6 18. Be3 Rad8 19. Ne4 b6 20. Rad1 Kf7
21. Kf3 Ke6+ 22. Ke2 Rxd1 23. Rxd1 Rd8 24. Rh1 Na5 25. Nd2 Nb7 26. f3 Nd6 27.
g4 Rh8 28. Rg1 1/2-1/2

[Event "2014 Australian Championships"]
[Site "Melbourne"]
[Date "2014.01.03"]
[Round "3.5"]
[White "Ly, Moulthun"]
[Black "Zelesco, Karl"]
[Result "1-0"]
[WhiteElo "2416"]
[BlackElo "2242"]
[PlyCount "103"]
[EventDate "2014.01.??"]
[EventType "swiss"]
[EventRounds "11"]
[EventCountry "AUS"]
[SourceDate "2014.01.02"]
[WhiteClock "0:26:57"]
[BlackClock "0:21:32"]

1. e4 e5 2. Nf3 Nc6 3. Bb5 a6 4. Ba4 Nge7 5. O-O g6 6. c3 Bg7 7. d4 exd4 8.
cxd4 b5 9. Bb3 O-O 10. d5 Na5 11. Bc2 d6 12. Nc3 b4 13. Ne2 c6 14. dxc6 Nexc6
15. Rb1 Bg4 16. h3 Bxf3 17. gxf3 Rc8 18. f4 Re8 19. Bd3 d5 20. e5 Qd7 21. Kg2
d4 22. Ng3 Qd5+ 23. Qf3 Qxa2 24. Ne4 Nb7 25. Bd2 Qe6 26. Rbc1 a5 27. Bc4 Qd7
28. Bb5 Re6 29. Ng5 Nbd8 30. Nxe6 Qxe6 31. Bc4 Qd7 32. Bd5 Bf8 33. Rfe1 Ne7 34.
Rxc8 Qxc8 35. Rc1 Qd7 36. Be4 Qb5 37. Qd3 Qxd3 38. Bxd3 Nd5 39. f5 Nb6 40. Bg5
Nb7 41. Rc6 Na4 42. Rc8 Nb6 43. Re8 Nc5 44. Bh6 Nbd7 45. Bb5 gxf5 46. Rc8 d3
47. Bxf8 Nxf8 48. Rxc5 Ne6 49. Rc1 Nf4+ 50. Kf3 Ne2 51. Rc8+ Kg7 52. Bxd3 1-0

[Event "2014 Australian Championships"]
[Site "Melbourne"]
[Date "2014.01.03"]
[Round "3.6"]
[White "Loh, Zachary"]
[Black "Johansen, Darryl"]
[Result "1/2-1/2"]
[WhiteElo "2032"]
[BlackElo "2406"]
[PlyCount "74"]
[EventDate "2014.01.??"]
[EventType "swiss"]
[EventRounds "11"]
[EventCountry "AUS"]
[SourceDate "2014.01.02"]
[WhiteClock "0:01:39"]
[BlackClock "0:01:44"]

1. d4 Nf6 2. c4 e6 3. Nc3 Bb4 4. e3 b6 5. Nge2 Ne4 6. Qc2 Bb7 7. a3 Bxc3+ 8.
Nxc3 Nxc3 9. Qxc3 O-O 10. b3 d6 11. Bb2 Qe7 12. Bd3 f5 13. O-O-O Nd7 14. f3 a5
15. h4 e5 16. Rh3 Rae8 17. f4 exf4 18. exf4 Be4 19. Re1 d5 20. Bxe4 fxe4 21.
cxd5 Nf6 22. Qc4 Qf7 23. Rhe3 Rd8 24. g3 Rxd5 25. Qc6 Rd6 26. Qc4 c6 27. a4
Rfd8 28. Kb1 h5 29. Ka2 Qd5 30. Rc1 Kh7 31. Ba3 Qxc4 32. Rxc4 Rxd4 33. Rxc6
Rd2+ 34. Kb1 Rg2 35. Be7 Rd3 36. Rxd3 exd3 37. Bxf6 gxf6 1/2-1/2

[Event "2014 Australian Championships"]
[Site "Melbourne"]
[Date "2014.01.03"]
[Round "3.7"]
[White "Morris, James"]
[Black "Li, Luke"]
[Result "1-0"]
[WhiteElo "2405"]
[BlackElo "2336"]
[PlyCount "139"]
[EventDate "2014.01.??"]
[EventType "swiss"]
[EventRounds "11"]
[EventCountry "AUS"]
[SourceDate "2014.01.02"]
[WhiteClock "1:30:53"]
[BlackClock "1:30:53"]

1. e4 e5 2. Nf3 Nc6 3. Nc3 Nf6 4. g3 Bc5 5. Bg2 d6 6. h3 a6 7. O-O O-O 8. d3
Nd4 9. Kh2 c6 10. Nxd4 Bxd4 11. f4 Qe7 12. Ne2 Ba7 13. f5 h6 14. g4 Nh7 15. Qe1
Bd7 16. Qg3 f6 17. h4 Qf7 18. Bf3 g5 19. fxg6 Qxg6 20. Qh3 Rad8 21. Ng3 Kh8 22.
Nf5 Bxf5 23. gxf5 Qg7 24. Bh5 Rg8 25. Bg6 Nf8 26. Bh5 d5 27. Bf3 Kh7 28. Bd2
dxe4 29. Bxe4 Qg4 30. Qxg4 Rxg4 31. Be1 Nd7 32. b4 Rdg8 33. a4 Bd4 34. Rb1 Bb6
35. Bf2 Bd4 36. Bf3 R4g7 37. b5 axb5 38. axb5 Bxf2 39. Rxf2 Rc8 40. bxc6 bxc6
41. Rg2 Rxg2+ 42. Kxg2 Rc7 43. Kf2 Kg7 44. Rg1+ Kf7 45. Bh5+ Ke7 46. Rg7+ Kd6
47. Rg6 Ra7 48. Rxh6 Ra2 49. Bd1 Ra4 50. Kg3 e4 51. dxe4 Rxe4 52. Bf3 Rc4 53.
h5 Rxc2 54. Rg6 Ra2 55. Rg8 Ra7 56. h6 Nc5 57. Rg7 Ra8 58. h7 Rh8 59. Bh5 Ne4+
60. Kg4 Ng5 61. Rxg5 fxg5 62. Bg6 c5 63. Kxg5 c4 64. Kh6 c3 65. f6 Ke6 66. Kg7
Rc8 67. Bf7+ Kf5 68. Bb3 c2 69. Bxc2+ Rxc2 70. h8=Q 1-0

[Event "2014 Australian Championships"]
[Site "Melbourne"]
[Date "2014.01.03"]
[Round "3.8"]
[White "Matheson, Laurence"]
[Black "Sukandar, Irene"]
[Result "1/2-1/2"]
[WhiteElo "2161"]
[BlackElo "2369"]
[PlyCount "137"]
[EventDate "2014.01.??"]
[EventType "swiss"]
[EventRounds "11"]
[EventCountry "AUS"]
[SourceDate "2014.01.02"]

1. e4 c5 2. Nf3 Nc6 3. d3 g6 4. g3 Bg7 5. Bg2 d6 6. O-O Nf6 7. c3 O-O 8. Nbd2
e5 9. Nc4 Be6 10. Ng5 Bg4 11. f3 Bc8 12. f4 h6 13. Nf3 Re8 14. a4 b6 15. f5
gxf5 16. Nh4 f4 17. gxf4 Bg4 18. Qe1 Nh5 19. Ne3 Be6 20. Nef5 exf4 21. Bf3 Ne5
22. Qe2 Ng6 23. Bxh5 Nxh4 24. Nxg7 Kxg7 25. Bxf4 Ng6 26. Bxg6 Kxg6 27. Kh1 Kh7
28. Qh5 Qf6 29. Bxd6 Qg6 30. Qxg6+ Kxg6 31. Rf3 Rad8 32. Rg1+ Kh7 33. Be5 Rg8
34. Rxg8 Rxg8 35. Rg3 c4 36. Rxg8 Kxg8 37. d4 f5 38. exf5 Bxf5 39. Bb8 a6 40.
Bc7 b5 41. a5 Be4+ 42. Kg1 Kf7 43. Kf2 Ke6 44. Ke3 Bc2 45. Kf4 Bd1 46. Be5 Be2
47. Ke3 Bd3 48. Kf4 Be2 49. Bg7 h5 50. Kg5 Bf3 51. Bf8 Be2 52. Bg7 Bf3 53. Bf8
Be2 54. Bb4 Bf3 55. h4 Be2 56. Kg6 Bg4 57. Kg7 Bf3 58. Ba3 Bg2 59. Kf8 Kd7 60.
Kf7 Bf3 61. Bb4 Bg2 62. Kf6 Bd5 63. Kg6 Bf3 64. d5 Kc7 65. d6+ Kc6 66. Kf6 Bg4
67. Ke5 Bh3 68. Kd4 Bg4 69. Ke5 1/2-1/2

[Event "2014 Australian Championships"]
[Site "Melbourne"]
[Date "2014.01.03"]
[Round "3.9"]
[White "Goldenberg, Igor"]
[Black "Schon, Eugene"]
[Result "1/2-1/2"]
[WhiteElo "2373"]
[BlackElo "2195"]
[PlyCount "49"]
[EventDate "2014.01.??"]
[EventType "swiss"]
[EventRounds "11"]
[EventCountry "AUS"]
[SourceDate "2014.01.02"]

1. Nf3 d5 2. d4 Nf6 3. c4 c6 4. Nc3 e6 5. Bg5 h6 6. Bxf6 Qxf6 7. Qb3 a5 8. e3
Nd7 9. Bd3 Bb4 10. O-O O-O 11. Rad1 dxc4 12. Bxc4 Qe7 13. a3 Bd6 14. h3 e5 15.
Qc2 Nf6 16. Nh4 Be6 17. Nf5 Bxf5 18. Qxf5 exd4 19. exd4 Rfe8 20. Bb3 Bc7 21.
Rd3 Rad8 22. g3 Qd7 23. Qxd7 Rxd7 24. Rfd1 Red8 25. Kg2 1/2-1/2

[Event "2014 Australian Championships"]
[Site "Melbourne"]
[Date "2014.01.03"]
[Round "3.10"]
[White "Zulfic, Fedja"]
[Black "Wohl, Aleksandar"]
[Result "1/2-1/2"]
[WhiteElo "2152"]
[BlackElo "2371"]
[PlyCount "81"]
[EventDate "2014.01.??"]
[EventType "swiss"]
[EventRounds "11"]
[EventCountry "AUS"]
[SourceDate "2014.01.02"]

1. d4 g6 2. Nf3 Bg7 3. c4 d6 4. Nc3 Nd7 5. e4 e5 6. Be3 Ngf6 7. Be2 O-O 8. O-O
h6 9. d5 a5 10. Nd2 Nh7 11. a3 f5 12. f3 f4 13. Bf2 g5 14. b4 Ndf6 15. c5 g4
16. Nc4 g3 17. hxg3 Nh5 18. Kh2 fxg3+ 19. Bxg3 Rf4 20. Rh1 Qg5 21. Bf2 Rf6 22.
cxd6 Rg6 23. Bf1 Ng3 24. Bxg3 Qxg3+ 25. Kg1 Ng5 26. Nd2 Nh3+ 27. Rxh3 Bxh3 28.
Ne2 Qg5 29. dxc7 Bxg2 30. Kf2 Bxf1 31. Qxf1 Qxd2 32. Qh3 Bf6 33. c8=Q+ Rxc8 34.
Qxc8+ Kh7 35. Qd7+ Kh8 36. Rh1 Bg5 37. Qe8+ Kh7 38. Qf7+ Rg7 39. Qf5+ Rg6 40.
Qf7+ Rg7 41. Qf5+ 1/2-1/2

[Event "2014 Australian Championships"]
[Site "Melbourne"]
[Date "2014.01.03"]
[Round "3.11"]
[White "Levi, Eddy"]
[Black "Wallis, Christopher"]
[Result "0-1"]
[WhiteElo "2134"]
[BlackElo "2346"]
[PlyCount "104"]
[EventDate "2014.01.??"]
[EventType "swiss"]
[EventRounds "11"]
[EventCountry "AUS"]
[SourceDate "2014.01.02"]

1. e4 e6 2. Nc3 d5 3. Nf3 Nf6 4. e5 Nfd7 5. d4 c5 6. dxc5 Nc6 7. Bf4 Bxc5 8.
Bd3 f6 9. exf6 Nxf6 10. O-O O-O 11. Ne5 Bd7 12. Qe2 Nxe5 13. Bxe5 Qb6 14. Kh1
Rae8 15. f4 Re7 16. Rae1 Bc6 17. Nd1 g6 18. c3 Ref7 19. Nf2 Bxf2 20. Rxf2 Ne4
21. Rff1 a6 22. Qg4 Rf5 23. Bxe4 dxe4 24. b3 Qb5 25. Qd1 R5f7 26. c4 Qa5 27. a4
Qb6 28. h3 Rd8 29. Qg4 Qxb3 30. Qxe6 Re8 31. Qd6 Qxc4 32. a5 Re6 33. Qb8+ Re8
34. Qd6 e3 35. Rg1 e2 36. Qd2 Bb5 37. Ba1 h6 38. Qb2 Kh7 39. g3 Qe4+ 40. Kh2 g5
41. Qd4 Qxd4 42. Bxd4 Re4 43. Be5 Rd7 44. Kg2 Ra4 45. Rc1 Rxa5 46. Kf2 Kg6 47.
Rge1 Ra3 48. Rc8 Rd1 49. Rf8 Rxe1 50. f5+ Kh5 51. Kxe1 Rf3 52. Kd2 Rf1 0-1

[Event "2014 Australian Championships"]
[Site "Melbourne"]
[Date "2014.01.03"]
[Round "3.12"]
[White "Castor, David"]
[Black "Smirnov, Anton"]
[Result "0-1"]
[WhiteElo "2125"]
[BlackElo "2338"]
[PlyCount "70"]
[EventDate "2014.01.??"]
[EventType "swiss"]
[EventRounds "11"]
[EventCountry "AUS"]
[SourceDate "2014.01.02"]

1. d4 Nf6 2. c4 g6 3. Nc3 d5 4. Nf3 Bg7 5. Bg5 O-O 6. Bxf6 Bxf6 7. Nxd5 Bg7 8.
e3 c5 9. Nc3 cxd4 10. Nxd4 Nc6 11. Nxc6 bxc6 12. Qxd8 Rxd8 13. Rc1 Rb8 14. b3
Bf5 15. f3 Bh6 16. Kf2 Rd2+ 17. Be2 Bg7 18. Rhd1 Bxc3 19. Rxc3 Rxa2 20. e4 Be6
21. Ke3 c5 22. f4 a5 23. g3 Kg7 24. Rdd3 Rb4 25. g4 a4 26. f5 axb3 27. Rd1 b2
28. Bd3 Ra1 29. Bb1 Rxc4 30. Rxc4 Bxc4 31. Kd2 Ba2 32. Kc2 Rxb1 33. Rxb1 Bxb1+
34. Kxb1 Kf6 35. fxg6 fxg6 0-1

[Event "2014 Australian Championships"]
[Site "Melbourne"]
[Date "2014.01.03"]
[Round "3.13"]
[White "Nemeth, John"]
[Black "Brown, Andrew"]
[Result "1-0"]
[WhiteElo "2115"]
[BlackElo "2259"]
[PlyCount "81"]
[EventDate "2014.01.??"]
[EventType "swiss"]
[EventRounds "11"]
[EventCountry "AUS"]
[SourceDate "2014.01.02"]

1. e4 c5 2. Nf3 Nc6 3. d4 cxd4 4. Nxd4 Nf6 5. Nc3 e5 6. Ndb5 d6 7. Bg5 a6 8.
Na3 b5 9. Nd5 Be7 10. Bxf6 Bxf6 11. c3 Ne7 12. Nc2 Bb7 13. Nce3 Nxd5 14. Nxd5
Bg5 15. a4 b4 16. cxb4 O-O 17. Bc4 Rc8 18. b3 Kh8 19. O-O f5 20. exf5 Rxf5 21.
Qd3 Qf8 22. Ne3 Rf4 23. Rad1 Rd8 24. Bxa6 e4 25. Qe2 Bxa6 26. Qxa6 Rxf2 27.
Rxf2 Bxe3 28. Qe2 Bxf2+ 29. Qxf2 Qe7 30. Qd4 e3 31. b5 e2 32. Re1 Rf8 33. h3 h5
34. b6 Qf7 35. Kh2 Qf1 36. Qh4 g6 37. b7 d5 38. Qg3 Kh7 39. Qc7+ Kh6 40. Qc1+
g5 41. b8=Q 1-0

[Event "2014 Australian Championships"]
[Site "Melbourne"]
[Date "2014.01.03"]
[Round "3.14"]
[White "Penrose, Justin"]
[Black "Choong, Yita"]
[Result "1-0"]
[WhiteElo "1986"]
[BlackElo "2203"]
[PlyCount "73"]
[EventDate "2014.01.??"]
[EventType "swiss"]
[EventRounds "11"]
[EventCountry "AUS"]
[SourceDate "2014.01.02"]

1. e4 c6 2. Nf3 d5 3. Nc3 Bg4 4. exd5 cxd5 5. h3 Bxf3 6. Qxf3 e6 7. Bb5+ Nc6 8.
O-O Nf6 9. d3 a6 10. Bxc6+ bxc6 11. Na4 Qa5 12. b3 Be7 13. Bb2 O-O 14. Rfe1 Nd7
15. d4 Rfe8 16. Bc3 Qb5 17. Bd2 c5 18. c3 cxd4 19. cxd4 Bf6 20. Be3 Rac8 21.
Qe2 Rc6 22. Qd2 Rec8 23. Rac1 Be7 24. Rxc6 Rxc6 25. Rc1 f6 26. Rxc6 Qxc6 27.
Nc3 Bb4 28. Nxd5 Qxd5 29. Qxb4 Kf7 30. Qc4 Qb7 31. Bf4 g5 32. Qc7 Qd5 33. Bd6
Qb5 34. a4 Qxb3 35. Qxd7+ Kg6 36. g4 h5 37. Qe8+ 1-0

[Event "2014 Australian Championships"]
[Site "Melbourne"]
[Date "2014.01.03"]
[Round "3.15"]
[White "Charles, Gareth"]
[Black "Canfell, Greg"]
[Result "0-1"]
[WhiteElo "2150"]
[BlackElo "2343"]
[PlyCount "64"]
[EventDate "2014.01.??"]
[EventType "swiss"]
[EventRounds "11"]
[EventCountry "AUS"]
[SourceDate "2014.01.02"]

1. Nf3 Nf6 2. c4 g6 3. Nc3 Bg7 4. e4 d6 5. d4 O-O 6. Be2 e5 7. d5 a5 8. Bg5 Na6
9. Nd2 Qe8 10. h4 c6 11. h5 Nc5 12. g4 Rb8 13. f3 cxd5 14. cxd5 b5 15. a4 bxa4
16. Nc4 Qd8 17. Nxa4 Nb3 18. Ra3 Nd4 19. Bd3 Qc7 20. Bd2 Rb5 21. Nab6 Rxb6 22.
Bxa5 Nd7 23. Nxb6 Nxb6 24. O-O Bh6 25. Kg2 Bf4 26. Rb3 Nxb3 27. Qxb3 Qe7 28.
Bxb6 Qh4 29. Rf2 gxh5 30. Qd1 hxg4 31. Qh1 Qg5 32. Kf1 Bd7 0-1

[Event "2014 Australian Championships"]
[Site "Melbourne"]
[Date "2014.01.03"]
[Round "3.16"]
[White "Michaille, Laurent"]
[Black "Jordan, Bill"]
[Result "1-0"]
[WhiteElo "2115"]
[BlackElo "2270"]
[PlyCount "131"]
[EventDate "2014.01.??"]
[EventType "swiss"]
[EventRounds "11"]
[EventCountry "AUS"]
[SourceDate "2014.01.02"]

1. e4 Nf6 2. e5 Nd5 3. d4 d6 4. c4 Nb6 5. f4 dxe5 6. fxe5 Nc6 7. Be3 Bf5 8. Nc3
e6 9. Nf3 Be7 10. d5 Nb4 11. Nd4 Bg6 12. a3 c5 13. dxc6 Nxc6 14. Nxc6 bxc6 15.
Qf3 Qc7 16. Qg3 Nd7 17. Bf4 a5 18. Na4 Rb8 19. Qe3 Bc2 20. Nc3 Bc5 21. Qe2 Bg6
22. O-O-O O-O 23. h4 h6 24. h5 Bh7 25. Na4 Be7 26. Rh3 Rb7 27. Rg3 Kh8 28. Qe3
Rfb8 29. Bd3 Bf8 30. Bxh7 Kxh7 31. Qe4+ Kh8 32. Bxh6 Qxe5 33. Qxe5 Nxe5 34. Bf4
f6 35. Bxe5 fxe5 36. Kc2 Rf7 37. Re3 Rf5 38. Rde1 Rxh5 39. Rxe5 Rh2 40. R1e2
Re8 41. Nc3 Bd6 42. Rxa5 Kg8 43. Ra6 Rc8 44. Ne4 Bf4 45. Ra7 Rh1 46. Nc3 e5 47.
a4 Rc1+ 48. Kb3 Rb8+ 49. Ka2 Rb4 50. a5 Rxc4 51. a6 Rc5 52. Re4 Rc2 53. Kb3
Rxg2 54. Ra8+ Kh7 55. a7 Ra5 56. Ra4 Rxa7 57. R8xa7 Bc1 58. Nd1 Rd2 59. Ra1
Rxd1 60. Kc2 Rd2+ 61. Kxc1 Rf2 62. R1a6 e4 63. Rxc6 e3 64. Re7 e2 65. Rce6 Rf1+
66. Kc2 1-0

[Event "2014 Australian Championships"]
[Site "Melbourne"]
[Date "2014.01.03"]
[Round "3.17"]
[White "McClymont, Brodie"]
[Black "Puccini, Jack"]
[Result "1-0"]
[WhiteElo "2261"]
[BlackElo "2078"]
[PlyCount "67"]
[EventDate "2014.01.??"]
[EventType "swiss"]
[EventRounds "11"]
[EventCountry "AUS"]
[SourceDate "2014.01.02"]

1. e4 c5 2. Nf3 d6 3. d4 cxd4 4. Nxd4 Nf6 5. Nc3 a6 6. f3 e6 7. Be3 b5 8. Qd2
Nbd7 9. O-O-O Bb7 10. g4 Nb6 11. Qf2 Nfd7 12. Bd3 Rc8 13. Nce2 Nc5 14. Kb1 Nba4
15. g5 Qc7 16. Rc1 Be7 17. h4 O-O 18. h5 Qa5 19. Nb3 Nxb3 20. cxb3 Nc5 21. Bc2
b4 22. Qh2 Qc7 23. g6 Bf6 24. gxh7+ Kh8 25. Rhg1 a5 26. Bg5 Bxg5 27. Rxg5 Ba6
28. Rgg1 Qe7 29. e5 dxe5 30. h6 g6 31. Qxe5+ f6 32. Nf4 fxe5 33. Nxg6+ Kxh7 34.
Nxe7+ 1-0

[Event "2014 Australian Championships"]
[Site "Melbourne"]
[Date "2014.01.03"]
[Round "3.18"]
[White "Nakauchi, Gene"]
[Black "Stojic, Svetozar"]
[Result "1-0"]
[WhiteElo "2210"]
[BlackElo "2029"]
[PlyCount "31"]
[EventDate "2014.01.??"]
[EventType "swiss"]
[EventRounds "11"]
[EventCountry "AUS"]
[SourceDate "2014.01.02"]

1. e4 c5 2. Nf3 Nf6 3. e5 Nd5 4. Nc3 e6 5. Nxd5 exd5 6. d4 Qb6 7. c3 Nc6 8.
dxc5 Bxc5 9. Qc2 d6 10. b4 Bxb4 11. cxb4 Nxb4 12. Qb3 Bf5 13. Be3 d4 14. Bxd4
Bc2 15. Qa3 Be4 16. Rc1 1-0

[Event "2014 Australian Championships"]
[Site "Melbourne"]
[Date "2014.01.03"]
[Round "3.19"]
[White "Tang, Jason"]
[Black "Stojic, Dusan"]
[Result "1-0"]
[WhiteElo "2067"]
[BlackElo "2233"]
[PlyCount "59"]
[EventDate "2014.01.??"]
[EventType "swiss"]
[EventRounds "11"]
[EventCountry "AUS"]
[SourceDate "2014.01.02"]

1. d4 Nf6 2. c4 g6 3. Nc3 d5 4. cxd5 Nxd5 5. e4 Nxc3 6. bxc3 Bg7 7. Be3 c5 8.
Qd2 O-O 9. Nf3 Bg4 10. Ng5 cxd4 11. cxd4 Nc6 12. h3 Bd7 13. Rb1 Qc7 14. Be2 e5
15. d5 Nd4 16. O-O b6 17. Rfc1 Qd6 18. Nf3 Nxe2+ 19. Qxe2 f5 20. Qc4 Rfc8 21.
Qb3 h6 22. Bd2 Rxc1+ 23. Rxc1 a5 24. Be3 Rb8 25. Nd2 a4 26. Qb1 fxe4 27. Nxe4
Qxd5 28. Rd1 Qb5 29. Nf6+ Kf7 30. Rxd7+ 1-0

[Event "2014 Australian Championships"]
[Site "Melbourne"]
[Date "2014.01.03"]
[Round "3.20"]
[White "Vlietstra, Marc"]
[Black "Pyke, Malcolm"]
[Result "1-0"]
[WhiteElo "2035"]
[BlackElo "2123"]
[PlyCount "55"]
[EventDate "2014.01.??"]
[EventType "swiss"]
[EventRounds "11"]
[EventCountry "AUS"]
[SourceDate "2014.01.02"]

1. e4 e6 2. d4 d5 3. e5 c5 4. c4 cxd4 5. Qxd4 Nc6 6. Qf4 Nge7 7. Nf3 dxc4 8.
Bxc4 Ng6 9. Qe4 Ngxe5 10. O-O Nxc4 11. Qxc4 Be7 12. Nc3 O-O 13. Bf4 a6 14. a3
Qa5 15. b4 Qf5 16. Rfe1 Rd8 17. Na4 Nd4 18. Qc7 Nxf3+ 19. gxf3 Bd7 20. Nb6 Rab8
21. Rad1 e5 22. Rxd7 Rf8 23. Rxe7 exf4 24. Qxb8 Qg5+ 25. Kh1 Qxe7 26. Rxe7 Rxb8
27. Rc7 g5 28. Rc8+ 1-0

[Event "2014 Australian Championships"]
[Site "Melbourne"]
[Date "2014.01.03"]
[Round "3.21"]
[White "Louie, Ryan"]
[Black "Hu, Jason"]
[Result "0-1"]
[WhiteElo "1909"]
[BlackElo "2118"]
[PlyCount "64"]
[EventDate "2014.01.??"]
[EventType "swiss"]
[EventRounds "11"]
[EventCountry "AUS"]
[SourceDate "2014.01.02"]

1. d4 d5 2. c4 c6 3. Nf3 Nf6 4. g3 Bf5 5. Bg2 e6 6. O-O Be7 7. Bg5 Nbd7 8. cxd5
exd5 9. Nc3 O-O 10. Rc1 h6 11. Bf4 Re8 12. a3 Nb6 13. Qb3 Bd6 14. Bxd6 Qxd6 15.
Rfd1 Nc4 16. e3 Ng4 17. e4 dxe4 18. Qxc4 exf3 19. Bxf3 Qg6 20. d5 Ne5 21. Qf4
Nxf3+ 22. Qxf3 Bg4 23. Qd3 Bxd1 24. Qxg6 Re1+ 25. Kg2 fxg6 26. Rxd1 Rxd1 27.
Nxd1 cxd5 28. Kf3 Re8 29. Ne3 d4 30. Nc2 d3 31. Ne3 Rf8+ 32. Kg2 Rc8 0-1

[Event "2014 Australian Championships"]
[Site "Melbourne"]
[Date "2014.01.04"]
[Round "4.1"]
[White "Cheng, Bobby"]
[Black "Papin, Vasily"]
[Result "1/2-1/2"]
[WhiteElo "2433"]
[BlackElo "2510"]
[PlyCount "59"]
[EventDate "2014.01.??"]
[EventType "swiss"]
[EventRounds "11"]
[EventCountry "AUS"]
[SourceDate "2014.01.02"]

1. d4 Nf6 2. c4 e6 3. Nf3 b6 4. g3 Ba6 5. b3 b5 6. cxb5 Bxb5 7. Bg2 Bb4+ 8. Bd2
a5 9. O-O Bc6 10. Qc2 Qc8 11. a3 Bxd2 12. Nbxd2 Qb7 13. Rfe1 O-O 14. e4 h6 15.
Ne5 d6 16. Nxc6 Nxc6 17. Qc3 Qb6 18. Nf3 Ra7 19. Rac1 Ne7 20. Nd2 Rb8 21. Rc2
Rab7 22. Rec1 Qa7 23. h3 Nd7 24. Nc4 Nc6 25. Nxd6 cxd6 26. Qxc6 Qxd4 27. Rc4
Qd2 28. R4c2 Qd4 29. Rc4 Qd2 30. R4c2 1/2-1/2

[Event "2014 Australian Championships"]
[Site "Melbourne"]
[Date "2014.01.04"]
[Round "4.2"]
[White "Illingworth, Max"]
[Black "Ly, Moulthun"]
[Result "0-1"]
[WhiteElo "2434"]
[BlackElo "2416"]
[PlyCount "84"]
[EventDate "2014.01.??"]
[EventType "swiss"]
[EventRounds "11"]
[EventCountry "AUS"]
[SourceDate "2014.01.02"]
[WhiteClock "0:54:43"]
[BlackClock "0:32:17"]

1. e4 c5 2. Nf3 e6 3. d4 cxd4 4. Nxd4 Nc6 5. Nc3 Qc7 6. f4 a6 7. Be3 b5 8. Nxc6
Qxc6 9. Bd3 Bb7 10. Qd2 Nf6 11. O-O-O Qc7 12. Rhe1 b4 13. Na4 Nxe4 14. Bxe4
Bxe4 15. Bb6 Qc6 16. Rxe4 Qxa4 17. a3 Be7 18. f5 Qc6 19. fxe6 dxe6 20. Rxb4
Bxb4 21. Qxb4 Rb8 22. Rd6 Qb5 23. c4 Qxb4 24. axb4 O-O 25. c5 e5 26. Ba5 Ra8
27. Kd2 f5 28. Kd3 e4+ 29. Kc4 f4 30. b5 f3 31. gxf3 axb5+ 32. Kxb5 exf3 33.
Rd1 Kf7 34. Bc7 Ke6 35. Bg3 Rab8+ 36. Bxb8 Rxb8+ 37. Kc6 Rxb2 38. Re1+ Re2 39.
Rf1 f2 40. Kb7 Kd5 41. c6 Rb2+ 42. Kc7 Rc2 0-1

[Event "2014 Australian Championships"]
[Site "Melbourne"]
[Date "2014.01.04"]
[Round "4.3"]
[White "Johansen, Darryl"]
[Black "Morris, James"]
[Result "1-0"]
[WhiteElo "2406"]
[BlackElo "2405"]
[PlyCount "105"]
[EventDate "2014.01.??"]
[EventType "swiss"]
[EventRounds "11"]
[EventCountry "AUS"]
[SourceDate "2014.01.02"]
[WhiteClock "0:28:13"]
[BlackClock "0:42:12"]

1. Nf3 Nf6 2. c4 g6 3. Nc3 d5 4. cxd5 Nxd5 5. Qa4+ c6 6. Qd4 Rg8 7. e4 Bg7 8.
Qa4 Nb6 9. Qd1 Bg4 10. h3 Bxf3 11. Qxf3 N8d7 12. Qe3 Nf8 13. d3 Ne6 14. Bd2 Qd4
15. Qxd4 Bxd4 16. h4 O-O-O 17. Rc1 f5 18. b4 Kb8 19. h5 f4 20. Be2 g5 21. Bg4
Nc7 22. h6 Rd6 23. Ne2 Nb5 24. Nxd4 Nxd4 25. Bc3 Nd7 26. Bxd4 Rxd4 27. Bxd7
Rxd7 28. Ke2 Rg6 29. Rc5 Rdd6 30. Rh5 g4 31. Rcf5 Rdf6 32. Rxf6 exf6 33. g3
fxg3 34. fxg3 Kc7 35. Ke3 Kd6 36. Kf4 Ke6 37. Rh4 a6 38. a3 b6 39. d4 b5 40.
Rh5 Kd6 41. Kf5 Ke7 42. Rh4 Rg5+ 43. Kf4 Rg6 44. Rxg4 Rxh6 45. Rh4 Rg6 46.
Rxh7+ Kd6 47. g4 Rg8 48. Rf7 Ke6 49. Ra7 Rd8 50. Rxa6 Rxd4 51. Rxc6+ Ke7 52.
Kf5 Rd3 53. Re6+ 1-0